| 000 | 00408cam a2200181ua 4500 | ||
|---|---|---|---|
| 020 | _c2.5 | ||
| 041 |
_ahin _h |
||
| 082 |
_a891.43 _bANJ/YE |
||
| 100 | _aAnjay, . | ||
| 245 |
_aYe there prathiroop / _cAnjay. _hTextual Documents |
||
| 250 |
_a2 / _b. |
||
| 260 |
_a : _bRajpal and Sanch , _c1963. |
||
| 300 | _a115 ; . | ||
| 365 | _a2.5 | ||
| 504 | _a | ||
| 942 | _cBK | ||
| 999 |
_c12513 _d12513 |
||